|
|
|
|
| LEADER |
02957nam a22004935i 4500 |
| 001 |
978-3-642-19875-5 |
| 003 |
DE-He213 |
| 005 |
20151125221453.0 |
| 007 |
cr nn 008mamaa |
| 008 |
110311s2011 gw | s |||| 0|eng d |
| 020 |
|
|
|a 9783642198755
|9 978-3-642-19875-5
|
| 024 |
7 |
|
|a 10.1007/978-3-642-19875-5
|2 doi
|
| 040 |
|
|
|d GrThAP
|
| 050 |
|
4 |
|a Q342
|
| 072 |
|
7 |
|a UYQ
|2 bicssc
|
| 072 |
|
7 |
|a COM004000
|2 bisacsh
|
| 082 |
0 |
4 |
|a 006.3
|2 23
|
| 245 |
1 |
0 |
|a Advances on Practical Applications of Agents and Multiagent Systems
|h [electronic resource] :
|b 9th International Conference on Practical Applications of Agents and Multiagent Systems /
|c edited by Yves Demazeau, Michal Pěchoucěk, Juan M. Corchado, Javier Bajo Pérez.
|
| 264 |
|
1 |
|a Berlin, Heidelberg :
|b Springer Berlin Heidelberg,
|c 2011.
|
| 300 |
|
|
|a XVI, 318 p. 87 illus.
|b online resource.
|
| 336 |
|
|
|a text
|b txt
|2 rdacontent
|
| 337 |
|
|
|a computer
|b c
|2 rdamedia
|
| 338 |
|
|
|a online resource
|b cr
|2 rdacarrier
|
| 347 |
|
|
|a text file
|b PDF
|2 rda
|
| 490 |
1 |
|
|a Advances in Intelligent and Soft Computing,
|x 1867-5662 ;
|v 88
|
| 505 |
0 |
|
|a Information and Organisations -- Robotics and Manufacturing -- Security and Privacy -- Platforms and Adaption -- Transport and Optimisation -- Leisure, Culture, Interactions -- Medicine and Cloud Computing -- Finance and Trading.
|
| 520 |
|
|
|a PAAMS, the International Conference on Practical Applications of Agents and Multi-Agent Systems is the international yearly tribune to present, to discuss, and to disseminate the latest developments and the most important outcomes related to real-world applications. It provides a unique opportunity to bring multi-disciplinary experts, academics and practitioners together to exchange their experience in the development of Agents and Multi-Agent Systems. This volume presents the papers that have been accepted for the 2011 edition. These articles capture the most innovative results and this year’s trends: Finance and Trading, Information Systems and Organisations, Leisure Culture and Interactions, Medicine and Cloud Computing, Platforms and Adaptation, Robotics and Manufacturing, Security and Privacy, Transports and Optimisation paper.
|
| 650 |
|
0 |
|a Engineering.
|
| 650 |
|
0 |
|a Artificial intelligence.
|
| 650 |
|
0 |
|a Computational intelligence.
|
| 650 |
1 |
4 |
|a Engineering.
|
| 650 |
2 |
4 |
|a Computational Intelligence.
|
| 650 |
2 |
4 |
|a Artificial Intelligence (incl. Robotics).
|
| 700 |
1 |
|
|a Demazeau, Yves.
|e editor.
|
| 700 |
1 |
|
|a Pěchoucěk, Michal.
|e editor.
|
| 700 |
1 |
|
|a Corchado, Juan M.
|e editor.
|
| 700 |
1 |
|
|a Pérez, Javier Bajo.
|e editor.
|
| 710 |
2 |
|
|a SpringerLink (Online service)
|
| 773 |
0 |
|
|t Springer eBooks
|
| 776 |
0 |
8 |
|i Printed edition:
|z 9783642198748
|
| 830 |
|
0 |
|a Advances in Intelligent and Soft Computing,
|x 1867-5662 ;
|v 88
|
| 856 |
4 |
0 |
|u http://dx.doi.org/10.1007/978-3-642-19875-5
|z Full Text via HEAL-Link
|
| 912 |
|
|
|a ZDB-2-ENG
|
| 950 |
|
|
|a Engineering (Springer-11647)
|